Cournot et Bertrand peuvent coexister.

Podmienky koexistencie homogénnych výrobkov na jednom trhu. Činitele eliminujúce úlohu ceny. Cournotov model oligopolu. Cena a spotrebiteľská motivácia. Stratégia spotrebiteľa a stratégia podnikateľa. Vplyv cenovej politiky na maximalizáciu zisku. Ochrana trhu. Bariéry pre vstup nových podnikateľov...

Descrizione completa

Salvato in:
Dettagli Bibliografici
Autore principale: Thépot, J.
Natura: Capitolo di libro
Lingua:francese
Soggetti:
Tags: Aggiungi Tag
Nessun Tag, puoi essere il primo ad aggiungerne!!

MARC

LEADER 00000naa a2200000 4500
001 r009769
005 20221130102413.0
041 0 |a fre 
044 |a FR 
245 1 0 |a Cournot et Bertrand peuvent coexister.  |c J. Thépot 
520 |a Podmienky koexistencie homogénnych výrobkov na jednom trhu. Činitele eliminujúce úlohu ceny. Cournotov model oligopolu. Cena a spotrebiteľská motivácia. Stratégia spotrebiteľa a stratégia podnikateľa. Vplyv cenovej politiky na maximalizáciu zisku. Ochrana trhu. Bariéry pre vstup nových podnikateľov na trh. 
610 2 0 |a teórie ekonomické 
610 2 0 |a Cournot, A. 
610 2 0 |a Bertrand, J. 
610 2 0 |a modely ekonomicko-matematické 
610 2 0 |a oligopoly 
610 2 0 |a ceny 
610 2 0 |a výrobky 
610 2 0 |a trh 
610 2 0 |a spotrebitelia 
610 2 0 |a podnikatelia 
610 2 0 |a politika cenová 
610 2 0 |a zisk 
610 2 0 |a správanie 
610 2 0 |a motivácia 
100 1 |a Thépot, J.